[Event "IECC KO email"]
[Site "IECC email"]
[Date "2002.09.21"]
[Round "?"]
[White "Khachab, Ibrahim"]
[Black "Bass, Stanley"]
[Result "1-0"]
[WhiteElo "1745"]
[BlackElo "1811"]
[PlyCount "93"]
[EventDate "2002.??.??"]
[EventType "tourn (corr)"]
[EventRounds "6"]
[SourceTitle "Corr 2008"]
[Source "ChessBase"]
[SourceDate "2008.06.24"]
[SourceVersion "1"]
[SourceVersionDate "2008.06.24"]
[SourceQuality "1"]

1. e4 c5 2. Nc3 Nc6 3. f4 e6 4. Nf3 Nge7 5. d4 Nxd4 6. Nxd4 cxd4 7. Qxd4 Nc6 8. Qf2 d5 9. Bd3 d4 10. Nb1 Nb4 11. Nd2 Nxd3+ 12. cxd3 b6 13. Nf3 Ba6 14. Qc2 Qd7 15. Qb3 Bc5 16. Ne5 Qb5 17. 0-0 Qxb3 18. axb3 Bb5 19. Bd2 0-0 20. b4 Bd6 21. Nc4 Bc7 22. Rfc1 Rfc8 23. b3 a6 24. Ra2 f5 25. e5 Bd8 26. Kf2 Rc6 27. Ke2 Be7 28. Rca1 Rc7 29. Nxb6 Rb8 30. Nc4 Rbc8 31. Ra5 Rb8 32. Na3 Bc6 33. Rxa6 Bxg2 34. Rxe6 Ra8 35. Nc2 Rxa1 36. Nxa1 Kf7 37. Ra6 Bb7 38. Ra2 Bd5 39. Ra5 Be6 40. b5 Bc5 41. b4 Bb6 42. Ra6 Rb7 43. Nc2 Bc8 44. Ra8 Bd7 45. Na3 Ra7 46. Rxa7 Bxa7 47. Nc4 1-0

[Event "IECC O email"]
[Site "IECC email"]
[Date "2002.07.03"]
[Round "?"]
[White "Bass, Stanley"]
[Black "Bradley, Clay R"]
[Result "0-1"]
[WhiteElo "1865"]
[BlackElo "1979"]
[PlyCount "68"]
[EventDate "2002.??.??"]
[EventType "tourn (corr)"]
[EventRounds "6"]
[SourceTitle "Corr 2008"]
[Source "ChessBase"]
[SourceDate "2008.06.24"]
[SourceVersion "1"]
[SourceVersionDate "2008.06.24"]
[SourceQuality "1"]

1. d4 e6 2. e4 d5 3. Nd2 Nf6 4. e5 Nfd7 5. Ngf3 c5 6. c3 Nc6 7. Nb3 cxd4 8. cxd4 a5 9. a4 Qb6 10. Be2 Bb4+ 11. Kf1 0-0 12. Bd3 f6 13. Qc2 fxe5 14. Bxh7+ Kh8 15. Nh4 e4 16. Bxe4 dxe4 17. Ng6+ Kg8 18. Nxf8 Bxf8 19. Be3 Nf6 20. Nd2 Nb4 21. Qb3 Qc6 22. Qc4 Bd7 23. b3 Qd5 24. Qe2 b6 25. Nc4 Rb8 26. Bf4 Rb7 27. Qd1 b5 28. Ne3 Qc6 29. axb5 Qxb5+ 30. Nc4 a4 31. Rxa4 Nbd5 32. Ra5 Qxb3 33. Qxb3 Rxb3 34. g3 Nxf4 0-1

[Event "IECC KO email"]
[Site "IECC email"]
[Date "2002.06.20"]
[Round "?"]
[White "Bass, Stanley"]
[Black "Jasinski, Jim"]
[Result "1-0"]
[WhiteElo "1887"]
[BlackElo "1679"]
[PlyCount "43"]
[EventDate "2002.??.??"]
[EventType "tourn (corr)"]
[EventRounds "6"]
[SourceTitle "Corr 2008"]
[Source "ChessBase"]
[SourceDate "2008.06.24"]
[SourceVersion "1"]
[SourceVersionDate "2008.06.24"]
[SourceQuality "1"]

1. d4 d5 2. Nf3 Bf5 3. Bf4 e6 4. e3 Bd6 5. Bxd6 Qxd6 6. Nc3 Ne7 7. Nh4 0-0 8. Nxf5 Nxf5 9. Bd3 Ne7 10. 0-0 Nd7 11. Nb5 Qb6 12. a4 a6 13. a5 Qc6 14. Nc3 Rad8 15. e4 dxe4 16. Bxe4 Nd5 17. Qd3 N7f6 18. Bf3 Qd6 19. Nxd5 exd5 20. Rfe1 Rfe8 21. Qb3 c6 22. Qxb7 1-0

[Event "IECC Swiss email"]
[Site "IECC email"]
[Date "2002.06.03"]
[Round "?"]
[White "Bass, Stanley"]
[Black "Hassan, William"]
[Result "0-1"]
[WhiteElo "1914"]
[BlackElo "1975"]
[PlyCount "84"]
[EventDate "2002.??.??"]
[EventType "tourn (corr)"]
[EventRounds "6"]
[SourceTitle "Corr 2008"]
[Source "ChessBase"]
[SourceDate "2008.06.24"]
[SourceVersion "1"]
[SourceVersionDate "2008.06.24"]
[SourceQuality "1"]

1. d4 c5 2. dxc5 b6 3. cxb6 Qxb6 4. Nf3 Nf6 5. Nc3 e6 6. e3 d5 7. Bd3 Be7 8. Na4 Qa5+ 9. Nc3 0-0 10. Bd2 Qb6 11. 0-0 Nc6 12. Na4 Qc7 13. c4 Ba6 14. b3 e5 15. Be2 dxc4 16. bxc4 e4 17. Nd4 Rad8 18. Nb3 Bd6 19. h3 Nb4 20. a3 Nd3 21. Bxd3 exd3 22. Ba5 Qxc4 23. Bxd8 Rxd8 24. Nd2 Qc6 25. Nb2 Qc3 26. Qc1 Qe5 27. Nf3 Qd5 28. Qd1 Bb5 29. Nd4 Be5 30. Rb1 Bxd4 31. exd4 Bc6 32. Qf3 Qxf3 33. gxf3 d2 34. Kg2 Rxd4 35. Nd1 g6 36. Rb3 Nd5 37. Nb2 a6 38. Kg3 Bb5 39. Rh1 Be2 40. Nd1 Kg7 41. Rg1 h5 42. h4 Ne7 0-1

[Event "IECC O email"]
[Site "IECC email"]
[Date "2002.05.28"]
[Round "?"]
[White "Bass, Stanley"]
[Black "Chadwick, Charles"]
[Result "1/2-1/2"]
[WhiteElo "1868"]
[BlackElo "1889"]
[PlyCount "57"]
[EventDate "2002.??.??"]
[EventType "tourn (corr)"]
[EventRounds "6"]
[SourceTitle "Corr 2008"]
[Source "ChessBase"]
[SourceDate "2008.06.24"]
[SourceVersion "1"]
[SourceVersionDate "2008.06.24"]
[SourceQuality "1"]

1. d4 Nf6 2. Nc3 e6 3. e4 d5 4. Bg5 dxe4 5. Nxe4 Be7 6. Nxf6+ Bxf6 7. Bxf6 Qxf6 8. Nf3 0-0 9. Bd3 c5 10. c3 cxd4 11. Nxd4 e5 12. Nf3 Bg4 13. Be4 Nc6 14. 0-0 Rad8 15. Qc2 g6 16. Rad1 Rfe8 17. Rfe1 Rxd1 18. Rxd1 Bf5 19. Bxf5 gxf5 20. Rd7 e4 21. Nd4 Nxd4 22. cxd4 Rd8 23. Rxd8+ Qxd8 24. Qc4 Qd7 25. d5 a6 26. g3 Kf8 27. Qc5+ Ke8 28. d6 Qe6 29. Qc7 1/2-1/2

[Event "IECC CL3-2002.19"]
[Site "IECC email"]
[Date "2002.05.24"]
[Round "?"]
[White "Bass, Stanley"]
[Black "Newton, Hobart E"]
[Result "1/2-1/2"]
[WhiteElo "1894"]
[BlackElo "1923"]
[PlyCount "77"]
[EventDate "2002.??.??"]
[EventType "tourn (corr)"]
[EventRounds "4"]
[SourceTitle "Corr 2008"]
[Source "ChessBase"]
[SourceDate "2008.06.24"]
[SourceVersion "1"]
[SourceVersionDate "2008.06.24"]
[SourceQuality "1"]

1. d4 c5 2. dxc5 e6 3. Nc3 Bxc5 4. Ne4 Nf6 5. Nxc5 Qa5+ 6. c3 Qxc5 7. Be3 Qc7 8. Bg5 Ne4 9. Qd4 f6 10. Qxe4 fxg5 11. Nf3 Qf4 12. Qd4 Qxd4 13. Nxd4 0-0 14. Nb5 Nc6 15. e4 a6 16. Nd6 Ne5 17. Be2 Rb8 18. a4 Kh8 19. 0-0 g4 20. Rad1 Kg8 21. Rd2 h6 22. Rfd1 Kh8 23. Rd4 Ra8 24. Nc4 Nxc4 25. Bxc4 Kh7 26. a5 Rb8 27. Rd6 h5 28. Bb3 Kg6 29. Ba4 Rf7 30. Kf1 Kg5 31. g3 Kf6 32. R1d4 Ke5 33. c4 g5 34. c5 Re7 35. b3 Rg7 36. b4 Rh7 37. Ke1 Rf7 38. Ke2 Rf3 39. Kf1 1/2-1/2

[Event "IECC O email"]
[Site "IECC email"]
[Date "2002.04.23"]
[Round "?"]
[White "Dwyer, Ron"]
[Black "Bass, Stanley"]
[Result "0-1"]
[WhiteElo "2000"]
[BlackElo "1840"]
[PlyCount "28"]
[EventDate "2002.??.??"]
[EventType "tourn (corr)"]
[EventRounds "6"]
[SourceTitle "Corr 2008"]
[Source "ChessBase"]
[SourceDate "2008.06.24"]
[SourceVersion "1"]
[SourceVersionDate "2008.06.24"]
[SourceQuality "1"]

1. d4 Nf6 2. c4 e6 3. Nc3 Bb4 4. Bg5 h6 5. Bh4 c5 6. d5 Nxd5 7. Bxd8 Nxc3 8. Qb3 Ne4+ 9. Kd1 Nxf2+ 10. Kc1 Kxd8 11. Qg3 Nxh1 12. Qxg7 Re8 13. Qxf7 d6 14. Qf6+ Kc7 0-1

[Event "IECC CL3-2002.15"]
[Site "IECC email"]
[Date "2002.04.15"]
[Round "?"]
[White "Bass, Stanley"]
[Black "Stanley, Bob"]
[Result "0-1"]
[WhiteElo "1843"]
[BlackElo "1923"]
[PlyCount "38"]
[EventDate "2002.??.??"]
[EventType "tourn (corr)"]
[EventRounds "4"]
[SourceTitle "Corr 2008"]
[Source "ChessBase"]
[SourceDate "2008.06.24"]
[SourceVersion "1"]
[SourceVersionDate "2008.06.24"]
[SourceQuality "1"]

1. d4 Nf6 2. Nc3 e6 3. e4 d5 4. e5 Nfd7 5. Nf3 c5 6. Bg5 Qb6 7. Na4 Qa5+ 8. c3 cxd4 9. b4 Qc7 10. cxd4 Bxb4+ 11. Bd2 Nc6 12. Rc1 Qa5 13. Nc3 0-0 14. Qc2 f6 15. Bd3 fxe5 16. Bxh7+ Kh8 17. Nxe5 Ndxe5 18. dxe5 Nxe5 19. 0-0 Bd7 0-1

[Event "IECC CL3-2002.15"]
[Site "IECC email"]
[Date "2002.04.14"]
[Round "?"]
[White "Turko, Sergey Ivanovich"]
[Black "Bass, Stanley"]
[Result "1-0"]
[WhiteElo "1904"]
[BlackElo "1830"]
[PlyCount "91"]
[EventDate "2002.??.??"]
[EventType "tourn (corr)"]
[EventRounds "4"]
[SourceTitle "Corr 2008"]
[Source "ChessBase"]
[SourceDate "2008.06.24"]
[SourceVersion "1"]
[SourceVersionDate "2008.06.24"]
[SourceQuality "1"]

1. d4 Nf6 2. c4 e6 3. Nf3 d5 4. Nc3 Bb4 5. Bg5 Nbd7 6. cxd5 exd5 7. e3 h6 8. Bxf6 Qxf6 9. Qb3 Qd6 10. a3 Ba5 11. Bd3 c6 12. 0-0 Nf6 13. Qc2 Bc7 14. b4 Ng4 15. g3 Nf6 16. b5 c5 17. dxc5 Qxc5 18. Rfc1 Bg4 19. Qa4 Bd7 20. Rc2 Qd6 21. Rd1 Qb6 22. e4 Bg4 23. Be2 Qa5 24. e5 Ne4 25. Qxa5 Bxa5 26. Nxd5 Rd8 27. Ne3 Rxd1+ 28. Bxd1 Bd7 29. Nc4 Bd8 30. Nd4 0-0 31. Bf3 Nc5 32. Bd5 Ne6 33. Bxe6 fxe6 34. Nd6 Bb6 35. Nb3 Be8 36. Nc5 Bg6 37. Rc1 Bxc5 38. Rxc5 Rf3 39. Rc7 Rxa3 40. Rxb7 Ra1+ 41. Kg2 Bd3 42. f4 Kh7 43. g4 Ra2+ 44. Kg3 Ra3 45. Kf2 Ra2+ 46. Ke3 1-0

[Event "IECC CL4-2002.12"]
[Site "IECC email"]
[Date "2002.04.06"]
[Round "?"]
[White "Pfeiffer, Andre"]
[Black "Bass, Stanley"]
[Result "1/2-1/2"]
[WhiteElo "1791"]
[BlackElo "1847"]
[PlyCount "60"]
[EventDate "2002.??.??"]
[EventType "tourn (corr)"]
[EventRounds "4"]
[SourceTitle "Corr 2008"]
[Source "ChessBase"]
[SourceDate "2008.06.24"]
[SourceVersion "1"]
[SourceVersionDate "2008.06.24"]
[SourceQuality "1"]

1. Nf3 d5 2. c4 d4 3. g3 Nc6 4. Bg2 e5 5. 0-0 Nf6 6. a3 Be6 7. d3 a5 8. Ng5 Bd7 9. f4 exf4 10. Bxf4 h6 11. Ne4 Ng4 12. h3 Ne3 13. Bxe3 dxe3 14. d4 f5 15. Nec3 Qg5 16. Nb5 0-0-0 17. Qe1 Kb8 18. d5 Ne5 19. Qxa5 Bxb5 20. Qxb5 Qxg3 21. c5 c6 22. dxc6 Nxc6 23. Nc3 g6 24. Kh1 Rd4 25. Rad1 Bg7 26. Rf3 Qe5 27. Rff1 Rxd1 28. Rxd1 Qg3 29. Bxc6 Qxh3+ 30. Kg1 Qg3+ 1/2-1/2

[Event "IECC O email"]
[Site "IECC email"]
[Date "2002.03.19"]
[Round "?"]
[White "Werner, Christian"]
[Black "Bass, Stanley"]
[Result "0-1"]
[WhiteElo "1700"]
[BlackElo "1858"]
[PlyCount "30"]
[EventDate "2002.??.??"]
[EventType "tourn (corr)"]
[EventRounds "6"]
[SourceTitle "Corr 2008"]
[Source "ChessBase"]
[SourceDate "2008.06.24"]
[SourceVersion "1"]
[SourceVersionDate "2008.06.24"]
[SourceQuality "1"]

1. e4 c5 2. f4 e6 3. Nf3 d5 4. Bb5+ Bd7 5. Bxd7+ Nxd7 6. d3 Ngf6 7. Nc3 Be7 8. 0-0 d4 9. Ne2 Rc8 10. Ng3 h6 11. Ne5 Nxe5 12. fxe5 Nd7 13. Nh5 Rh7 14. Bf4 g6 15. Qg4 gxh5 0-1

[Event "IECC KO email"]
[Site "IECC email"]
[Date "2002.03.15"]
[Round "?"]
[White "Balza, Fernando"]
[Black "Bass, Stanley"]
[Result "1-0"]
[WhiteElo "1900"]
[BlackElo "1857"]
[PlyCount "89"]
[EventDate "2002.??.??"]
[EventType "tourn (corr)"]
[EventRounds "6"]
[SourceTitle "Corr 2008"]
[Source "ChessBase"]
[SourceDate "2008.06.24"]
[SourceVersion "1"]
[SourceVersionDate "2008.06.24"]
[SourceQuality "1"]

1. c4 e5 2. Nc3 Nc6 3. g3 Bc5 4. Bg2 Nf6 5. Nf3 d6 6. 0-0 Be6 7. d3 h6 8. Na4 Bb6 9. Nxb6 axb6 10. b3 Qd7 11. Bb2 Bh3 12. e3 0-0 13. a3 Rfe8 14. Re1 Bxg2 15. Kxg2 e4 16. Nd4 exd3 17. Qxd3 Ne5 18. Qc2 Qg4 19. f3 Qh5 20. h3 Re7 21. Qf5 Qxf5 22. Nxf5 Ree8 23. Rad1 Re6 24. e4 Rae8 25. Kf2 Kh7 26. Nd4 R6e7 27. Re2 Kg6 28. Nf5 Re6 29. Ne3 R6e7 30. Rc2 h5 31. Nd5 Nxd5 32. cxd5 f6 33. Ke3 f5 34. Bxe5 Rxe5 35. Rxc7 fxe4 36. f4 R5e7 37. Rxe7 Rxe7 38. g4 b5 39. Rd4 Rc7 40. Rxe4 Rc3+ 41. Kd4 Rxb3 42. Re3 Rxe3 43. Kxe3 hxg4 44. hxg4 Kf6 45. Kd4 1-0

[Event "IECC TH-M email"]
[Site "IECC email"]
[Date "2002.02.13"]
[Round "?"]
[White "Bass, Stanley"]
[Black "Stanley, Bob"]
[Result "1/2-1/2"]
[WhiteElo "1795"]
[BlackElo "1894"]
[PlyCount "82"]
[EventDate "2002.??.??"]
[EventType "match (corr)"]
[EventRounds "2"]
[SourceTitle "Corr 2008"]
[Source "ChessBase"]
[SourceDate "2008.06.24"]
[SourceVersion "1"]
[SourceVersionDate "2008.06.24"]
[SourceQuality "1"]

1. d4 Nf6 2. c4 g6 3. Nc3 Bg7 4. e4 d6 5. Nf3 0-0 6. Be2 e5 7. 0-0 Nc6 8. d5 Ne7 9. Ne1 Nd7 10. Bg5 f6 11. Bh4 a6 12. Nd3 Qe8 13. b4 f5 14. f3 Bf6 15. Bf2 Rb8 16. Qd2 Bg7 17. c5 Qf7 18. cxd6 cxd6 19. Nb2 b5 20. a4 bxa4 21. Rxa4 Qf6 22. Rfa1 Bb7 23. b5 axb5 24. Bxb5 Nc5 25. Bxc5 dxc5 26. Nd3 fxe4 27. fxe4 Nc8 28. Bd7 Nb6 29. Be6+ Kh8 30. Ra7 c4 31. Nc5 Bh6 32. Qe1 Qe7 33. Nxb7 Rxb7 34. d6 Qg7 35. Rxb7 Qxb7 36. Rd1 Qc6 37. Kh1 Bg5 38. h3 Kg7 39. Qg3 Bf6 40. Qf2 Be7 41. Qd2 Rd8 1/2-1/2

[Event "IECC M email"]
[Site "IECC email"]
[Date "2002.01.04"]
[Round "?"]
[White "Taffijn, Aadrian"]
[Black "Bass, Stanley"]
[Result "0-1"]
[WhiteElo "1631"]
[BlackElo "1832"]
[PlyCount "72"]
[EventDate "2002.??.??"]
[EventType "tourn (corr)"]
[EventRounds "6"]
[SourceTitle "Corr 2008"]
[Source "ChessBase"]
[SourceDate "2008.06.24"]
[SourceVersion "1"]
[SourceVersionDate "2008.06.24"]
[SourceQuality "1"]

1. Nf3 d5 2. b3 Bf5 3. Bb2 Nf6 4. e3 e6 5. c4 Nc6 6. cxd5 Nb4 7. Nd4 Qxd5 8. d3 Qa5 9. Nc3 Nbd5 10. Nxf5 exf5 11. Qd2 Bb4 12. Rc1 Rd8 13. a3 Bxc3 14. Bxc3 Qxa3 15. Qb2 Qd6 16. Bd4 Qb4+ 17. Kd1 Qe7 18. Bc5 Qe6 19. Bxa7 b6 20. Rc4 Ra8 21. Ra4 0-0 22. Be2 c5 23. Kd2 Rfe8 24. Bf3 f4 25. e4 Nb4 26. e5 Nfd5 27. Rha1 Rad8 28. h3 Nc6 29. Bg4 Qg6 30. Ke2 h5 31. Bf3 Nxe5 32. Kf1 Nxf3 33. gxf3 Qxd3+ 34. Kg2 Re6 35. Qb1 Rg6+ 36. Kh2 Qxf3 0-1

[Event "IECC CL4-2001.42"]
[Site "IECC email"]
[Date "2001.12.25"]
[Round "?"]
[White "Bass, Stanley"]
[Black "Jasinski, Jim"]
[Result "1/2-1/2"]
[WhiteElo "1868"]
[BlackElo "1664"]
[PlyCount "56"]
[EventDate "2001.??.??"]
[EventType "tourn (corr)"]
[EventRounds "4"]
[SourceTitle "Corr 2008"]
[Source "ChessBase"]
[SourceDate "2008.06.24"]
[SourceVersion "1"]
[SourceVersionDate "2008.06.24"]
[SourceQuality "1"]

1. d4 d5 2. Nc3 e6 3. Bf4 c5 4. e3 Nf6 5. Bd3 cxd4 6. exd4 Qb6 7. Nb5 Na6 8. a4 Be7 9. Nf3 0-0 10. 0-0 Bd7 11. c3 Bxb5 12. axb5 Nc7 13. Qe2 Nd7 14. b3 Bd6 15. Bxd6 Qxd6 16. c4 Qf4 17. g3 Qf6 18. c5 Rfe8 19. Rfe1 Qd8 20. c6 bxc6 21. bxc6 Nb6 22. Ne5 Qe7 23. Qc2 g6 24. f4 f6 25. Ng4 Kg7 26. Qd2 Qd6 27. Rec1 Nc8 28. Qc2 Rb8 1/2-1/2

[Event "IECC CL4-2001.42"]
[Site "IECC email"]
[Date "2001.12.25"]
[Round "?"]
[White "Bass, Stanley"]
[Black "Toscani, Andrea"]
[Result "1/2-1/2"]
[WhiteElo "1827"]
[BlackElo "1725"]
[PlyCount "62"]
[EventDate "2001.??.??"]
[EventType "tourn (corr)"]
[EventRounds "4"]
[SourceTitle "Corr 2008"]
[Source "ChessBase"]
[SourceDate "2008.06.24"]
[SourceVersion "1"]
[SourceVersionDate "2008.06.24"]
[SourceQuality "1"]

1. d4 d5 2. Nf3 e6 3. Bg5 Nf6 4. e3 c5 5. Nbd2 Nbd7 6. c4 cxd4 7. exd4 dxc4 8. Bxc4 h6 9. Bh4 Qb6 10. 0-0 g5 11. Bg3 g4 12. Ne5 Qxd4 13. Qe2 Bg7 14. Rfd1 Qb6 15. Nb3 0-0 16. Nxg4 Nxg4 17. Qxg4 Nf6 18. Qh4 Nd5 19. Bxd5 exd5 20. Rxd5 Qg6 21. Rad1 Be6 22. R5d2 Rfc8 23. Qe7 b6 24. Qb7 Qh5 25. Nd4 Bxa2 26. Nc6 Re8 27. h4 Bb3 28. Rc1 Qg4 29. Nxa7 Qb4 30. Rd6 Be6 31. Rxb6 Qd2 1/2-1/2

[Event "IECC TH-T email"]
[Site "IECC email"]
[Date "2001.12.25"]
[Round "?"]
[White "Bass, Stanley"]
[Black "Van Dam, Carl"]
[Result "1/2-1/2"]
[WhiteElo "1801"]
[BlackElo "1698"]
[PlyCount "71"]
[EventDate "2001.??.??"]
[EventType "match (corr)"]
[EventRounds "2"]
[SourceTitle "Corr 2008"]
[Source "ChessBase"]
[SourceDate "2008.06.24"]
[SourceVersion "1"]
[SourceVersionDate "2008.06.24"]
[SourceQuality "1"]

1. d4 Nf6 2. c4 g6 3. Nc3 Bg7 4. e4 d6 5. Nf3 0-0 6. Be2 e5 7. 0-0 Nc6 8. d5 Ne7 9. Ne1 Nd7 10. Bg5 h6 11. Bh4 g5 12. Bg3 f5 13. f3 f4 14. Bf2 Nf6 15. c5 Rf7 16. cxd6 cxd6 17. Nd3 Ng6 18. Qb3 h5 19. Rac1 g4 20. Nb5 a6 21. Nc7 Rxc7 22. Bb6 Ne8 23. Rxc7 Nxc7 24. Rc1 Qg5 25. Rxc7 gxf3 26. Bxf3 Nh4 27. Ne1 Nxf3+ 28. Qxf3 Bg4 29. Qd3 Rc8 30. Rxb7 Rc1 31. Ba5 Rd1 32. Qxa6 Bf3 33. Rb8+ Kh7 34. Qf1 Bxe4 35. Qe2 Rd4 36. Bd8 1/2-1/2

[Event "IECC M email"]
[Site "IECC email"]
[Date "2001.12.22"]
[Round "?"]
[White "Hervas, Fernando"]
[Black "Bass, Stanley"]
[Result "1-0"]
[WhiteElo "1834"]
[BlackElo "1840"]
[PlyCount "65"]
[EventDate "2001.??.??"]
[EventType "tourn (corr)"]
[EventRounds "6"]
[SourceTitle "Corr 2008"]
[Source "ChessBase"]
[SourceDate "2008.06.24"]
[SourceVersion "1"]
[SourceVersionDate "2008.06.24"]
[SourceQuality "1"]

1. e4 c5 2. Nf3 Nc6 3. d4 cxd4 4. Nxd4 e5 5. Nb5 a6 6. Nd6+ Bxd6 7. Qxd6 Qf6 8. Qd1 Nge7 9. Nc3 Qg6 10. f4 d5 11. exd5 Nd4 12. Bd3 Qxg2 13. Be4 Qh3 14. fxe5 Qh4+ 15. Kd2 Qf4+ 16. Kd3 Qxe5 17. Qg1 Nef5 18. Qf2 0-0 19. Bf4 Qe7 20. Rhe1 Qc5 21. Be3 b5 22. b3 b4 23. Bxd4 Qxd4+ 24. Qxd4 Nxd4 25. Kxd4 bxc3 26. Kxc3 f5 27. Bd3 f4 28. Re7 f3 29. d6 Bh3 30. Rg1 g6 31. Rg3 Bg2 32. d7 a5 33. h4 1-0

[Event "IECC M email"]
[Site "IECC email"]
[Date "2001.12.21"]
[Round "?"]
[White "Berggren, Mattias"]
[Black "Bass, Stanley"]
[Result "1/2-1/2"]
[WhiteElo "1727"]
[BlackElo "1843"]
[PlyCount "84"]
[EventDate "2001.??.??"]
[EventType "tourn (corr)"]
[EventRounds "6"]
[SourceTitle "Corr 2008"]
[Source "ChessBase"]
[SourceDate "2008.06.24"]
[SourceVersion "1"]
[SourceVersionDate "2008.06.24"]
[SourceQuality "1"]

1. d4 d5 2. Nf3 Bf5 3. e3 e6 4. Nbd2 Bd6 5. Be2 Nd7 6. b3 Ngf6 7. Bb2 c5 8. c4 Rc8 9. 0-0 0-0 10. Rc1 b6 11. Nh4 Bg6 12. Nxg6 fxg6 13. cxd5 exd5 14. Ba6 Rb8 15. dxc5 bxc5 16. Nf3 Qa5 17. Bc4 Bxh2+ 18. Nxh2 dxc4 19. Ng4 Qxa2 20. Nxf6+ Nxf6 21. Bxf6 Rxf6 22. Qd5+ Kh8 23. bxc4 Rf5 24. Qd6 Re8 25. e4 Rfe5 26. Rfe1 a5 27. f4 R5e6 28. Qxc5 Qd2 29. Qf2 Qxf2+ 30. Kxf2 Rxe4 31. Rxe4 Rxe4 32. Kf3 Re8 33. Ra1 Ra8 34. Ra4 Kg8 35. Ke4 Kf7 36. Kd5 Ke7 37. g3 Kd7 38. Kc5 Ke6 39. Ra3 h6 40. Kb6 a4 41. Kb7 Ra5 42. Kb6 Ra8 1/2-1/2